| 000 | 00614nam a22002297a 4500 | ||
|---|---|---|---|
| 003 | UA-OsUOA | ||
| 001 | 87051 | ||
| 007 | ta | ||
| 008 | 20120913b un ||||| |||| 00| 0 ukr d | ||
| 100 | _aСучков Б. | ||
| 090 |
_a82.09(430) _bС91 |
||
| 942 | _cBK | ||
| 040 |
_aUA-OsUOA _brus _cUA-OsUOA _dUA-OsUOA |
||
| 245 |
_aЛики времени _b2 |
||
| 300 | _a367 с. | ||
| 955 | _a1 | ||
| 041 | _arus | ||
| 080 | _a82.09(430) | ||
| 260 |
_aМ. _bХудожественная литература _c1976 |
||
| 650 | 7 |
_a82 Література. Літературознавство _2UDC |
|
| 999 |
_c373350 _d373350 |
||